[Event "MCRE_O20"]
[Site "?"]
[Date "2004.??.??"]
[Round "?"]
[White "Stika, Vaclav"]
[Black "Kratochvil, Jan"]
[Result "1-0"]
[WhiteElo "1831"]
[BlackElo "1800"]
[PlyCount "39"]
[EventDate "2004.??.??"]
[EventType "corr"]
[EventRounds "2"]
[SourceDate "2005.03.12"]

1. e4 e6 2. d4 d5 3. Nd2 c5 4. Ngf3 cxd4 5. exd5 Qxd5 6. Bc4 Qc5 7. Qe2 Nc6 8.
O-O Be7 9. Rd1 e5 10. b4 Qxb4 11. Nxe5 Nxe5 12. Qxe5 Nf6 13. Re1 Kf8 14. Qxd4
Qd6 15. Qc3 Ng4 16. Nf3 Qf6 17. Qd3 Qxa1 18. Be3 Qxe1+ 19. Nxe1 Bd6 20. Qxd6+
1-0

[Event "MCRE_O20"]
[Site "?"]
[Date "2004.??.??"]
[Round "?"]
[White "Stika, Vaclav"]
[Black "Fric, Pavel"]
[Result "1/2-1/2"]
[WhiteElo "1831"]
[BlackElo "1800"]
[PlyCount "106"]
[EventDate "2004.??.??"]
[EventType "corr"]
[EventRounds "2"]
[SourceDate "2005.03.12"]

1. e4 c5 2. Nf3 d6 3. d4 cxd4 4. Nxd4 Nf6 5. Nf3 Nxe4 6. Bd3 Nc5 7. Be2 Bf5 8.
Nd4 Bg6 9. O-O e6 10. Be3 Be7 11. f4 Bf6 12. f5 exf5 13. Nc3 O-O 14. Nxf5 Bxc3
15. bxc3 Bxf5 16. Rxf5 Qe7 17. Bf4 Qe6 18. Bd3 Nc6 19. Rd5 Nxd3 20. Qxd3 Ne5
21. Qd4 Rad8 22. Bxe5 dxe5 23. Rxe5 Rxd4 24. Rxe6 Rd7 25. Re3 Rfd8 26. Rae1 Kf8
27. Kf1 b6 28. a3 Rd1 29. Re8+ Rxe8 30. Rxd1 Re6 31. Rd4 Ke7 32. Ra4 a5 33. Rd4
Re3 34. Rc4 Kd6 35. Kf2 Re5 36. Rd4+ Rd5 37. Ke3 Kc5 38. g4 g6 39. a4 f5 40.
gxf5 Rxf5 41. h4 b5 42. axb5 Kxb5 43. Kd2 Rc5 44. Kd3 Kc6 45. c4 a4 46. Kc3 a3
47. Kb4 a2 48. Rd1 Rh5 49. Ra1 Rxh4 50. Rxa2 Rd4 51. c3 Rd7 52. Ra6+ Kb7 53.
Kb5 g5 1/2-1/2

[Event "MCRE_O20"]
[Site "?"]
[Date "2004.??.??"]
[Round "?"]
[White "Stika, Vaclav"]
[Black "Dojcinovic, Miroslav"]
[Result "1-0"]
[WhiteElo "1831"]
[BlackElo "1800"]
[PlyCount "71"]
[EventDate "2004.??.??"]
[EventType "corr"]
[EventRounds "2"]
[SourceDate "2005.03.12"]

1. e4 e5 2. Nf3 Nc6 3. Bb5 a6 4. Ba4 Nf6 5. O-O b5 6. Bb3 d6 7. c3 Be7 8. Re1
O-O 9. h3 Na5 10. Bc2 Nc6 11. d4 exd4 12. cxd4 Re8 13. Nc3 Bb7 14. a3 Qd7 15.
e5 dxe5 16. dxe5 Qxd1 17. Rxd1 Nh5 18. g4 b4 19. Nd5 bxa3 20. bxa3 Nxe5 21.
Nxe5 Bxd5 22. Rxd5 Bf6 23. f4 Ng3 24. Kf2 Bh4 25. Bd3 Ne4+ 26. Kf3 Nf2 27. Bc4
Nxh3 28. Rd7 Ng5+ 29. fxg5 Rxe5 30. Bf4 Re1 31. Rxe1 Bxe1 32. Bxf7+ Kh8 33. Be5
Rf8 34. Kg2 Bc3 35. Bxc3 c5 36. Bc4 1-0

[Event "MCRE_O20"]
[Site "?"]
[Date "2004.??.??"]
[Round "?"]
[White "Stika, Vaclav"]
[Black "Urban, Milos"]
[Result "1-0"]
[WhiteElo "1831"]
[BlackElo "1800"]
[PlyCount "59"]
[EventDate "2004.??.??"]
[EventType "corr"]
[EventRounds "2"]
[SourceDate "2005.03.12"]

1. e4 c5 2. Nc3 Nc6 3. Nf3 g6 4. d4 cxd4 5. Nxd4 Bg7 6. Be3 Nf6 7. Nxc6 bxc6 8.
e5 Ng8 9. f4 f6 10. Bd4 Qa5 11. Qe2 fxe5 12. Bxe5 Bxe5 13. Qxe5 Qxe5+ 14. fxe5
Nh6 15. O-O-O O-O 16. Bc4+ e6 17. Rhe1 Nf5 18. Ne4 Ne7 19. Nf6+ Kh8 20. Nxd7
Bxd7 21. Rxd7 Nd5 22. Rd6 Rac8 23. Rxe6 Nf4 24. Re7 Nxg2 25. Re4 a5 26. Ra7 Nf4
27. Rxa5 c5 28. e6 g5 29. e7 Rf6 30. Rxc5 1-0

[Event "MCRE_O20"]
[Site "?"]
[Date "2004.??.??"]
[Round "?"]
[White "Stika, Vaclav"]
[Black "Chlubna, Josef"]
[Result "1-0"]
[WhiteElo "1831"]
[BlackElo "1800"]
[PlyCount "73"]
[EventDate "2004.??.??"]
[EventType "corr"]
[EventRounds "2"]
[SourceDate "2005.03.12"]

1. e4 e5 2. Nf3 Nc6 3. Bb5 a6 4. Ba4 Nf6 5. O-O b5 6. Bb3 Be7 7. Re1 O-O 8. c3
d6 9. d4 Na5 10. Bc2 c6 11. dxe5 Ng4 12. exd6 Bxd6 13. e5 Bc5 14. Re2 Nxf2 15.
Qxd8 Rxd8 16. Rxf2 Bxf2+ 17. Kxf2 Nc4 18. b3 Nb6 19. Nbd2 Re8 20. Ba3 h6 21.
Bd6 Bg4 22. h3 Bxf3 23. Nxf3 g6 24. Be4 Rac8 25. Nd4 Nd7 26. Bxc6 Nxe5 27. Bxe8
Rxe8 28. Bxe5 Rxe5 29. b4 Re7 30. a4 bxa4 31. Rxa4 Rc7 32. Ra3 Kg7 33. Ke3 Kf6
34. Rxa6+ Ke5 35. Rc6 Re7 36. c4 f5 37. Nf3# 1-0

[Event "MCRE_O20"]
[Site "?"]
[Date "2004.??.??"]
[Round "?"]
[White "Kratochvil, Jan"]
[Black "Stika, Vaclav"]
[Result "0-1"]
[WhiteElo "1800"]
[BlackElo "1831"]
[PlyCount "102"]
[EventDate "2004.??.??"]
[EventType "corr"]
[EventRounds "2"]
[SourceDate "2005.03.12"]

1. c4 e5 2. Nc3 d6 3. d4 exd4 4. Qxd4 Nc6 5. Qe3+ Be6 6. Nf3 Be7 7. Nd5 Nf6 8.
Qb3 Rb8 9. e3 O-O 10. Bd3 Ne5 11. Nxe5 Bxd5 12. Nf3 Bc6 13. O-O Bxf3 14. gxf3
Qd7 15. Qb5 c6 16. Qg5 Qe6 17. Qf4 d5 18. Bf5 Bd6 19. Bxe6 Bxf4 20. Bf5 Bc7 21.
cxd5 Nxd5 22. Rd1 g6 23. Bc2 Rbd8 24. Bb3 Rfe8 25. e4 Nf4 26. Be3 a6 27. Bc4 g5
28. a4 Kg7 29. b4 f5 30. exf5 Kf6 31. Rd6+ Bxd6 32. b5 axb5 33. axb5 Be5 34.
Re1 Kxf5 35. bxc6 bxc6 36. Bb3 h6 37. Bc2+ Kf6 38. Be4 Re6 39. Bb6 Rd7 40. Be3
Red6 41. Bc2 Rd8 42. Bb6 Rc8 43. Bc5 Rd2 44. Be4 Bd4 45. Bxd4+ Rxd4 46. Kf1 c5
47. Rc1 Rcd8 48. Ke1 Rd2 49. Ra1 Re2+ 50. Kf1 Rdd2 51. Kg1 Nh3+ 0-1

[Event "MCRE_O20"]
[Site "?"]
[Date "2004.??.??"]
[Round "?"]
[White "Kratochvil, Jan"]
[Black "Fric, Pavel"]
[Result "0-1"]
[WhiteElo "1800"]
[BlackElo "1800"]
[PlyCount "70"]
[EventDate "2004.??.??"]
[EventType "corr"]
[EventRounds "2"]
[SourceDate "2005.03.12"]

1. e4 c5 2. Nc3 Nc6 3. Nf3 d6 4. d4 cxd4 5. Nxd4 e6 6. Be3 Nf6 7. f4 Be7 8. Qf3
O-O 9. O-O-O Qc7 10. Ncb5 Qb8 11. Nb3 a6 12. Nc3 Qc7 13. g4 b5 14. Bg2 Bb7 15.
g5 Nd7 16. Kb1 Rac8 17. Qh5 b4 18. Ne2 a5 19. c4 a4 20. Nd2 Na5 21. Rc1 Nc5 22.
Nd4 Nd3 23. Rcd1 b3 24. axb3 axb3 25. Qe2 Nb4 26. f5 Qd7 27. f6 Qa4 28. fxe7
Qa2+ 29. Kc1 Qa1+ 30. Nb1 Nxc4 31. exf8=Q+ Kxf8 32. Nxe6+ Kg8 33. Qxc4 Rxc4+
34. Kd2 Qxb2+ 35. Ke1 Qxg2 0-1

[Event "MCRE_O20"]
[Site "?"]
[Date "2004.??.??"]
[Round "?"]
[White "Kratochvil, Jan"]
[Black "Dojcinovic, Miroslav"]
[Result "1-0"]
[WhiteElo "1800"]
[BlackElo "1800"]
[PlyCount "71"]
[EventDate "2004.??.??"]
[EventType "corr"]
[EventRounds "2"]
[SourceDate "2005.03.12"]

1. e4 e5 2. Nf3 Nc6 3. Bc4 d6 4. d4 Nxd4 5. Nxd4 exd4 6. Qxd4 Qf6 7. Be3 Qg6 8.
Nc3 Ne7 9. Nb5 Nc6 10. Qc3 Kd8 11. O-O Bh3 12. Bg5+ Qxg5 13. Qxh3 Qc5 14. Na3
Qe5 15. Bxf7 Qxb2 16. Rab1 Qf6 17. Bd5 Nd4 18. Bxb7 Rb8 19. Ba6 Ra8 20. Bc4 Qe7
21. Rfd1 c5 22. c3 Nc6 23. Bd5 Qe8 24. Rb7 Na5 25. Rb5 Nc6 26. Rxc5 Rc8 27. Nc4
Rc7 28. Be6 Nb8 29. Qh4+ Be7 30. Nxd6 Bxh4 31. Nxe8+ Rd7 32. Nd6 Rxd6 33. Rxd6+
Ke7 34. e5 Rf8 35. g3 Bxg3 36. Rc7+ 1-0

[Event "MCRE_O20"]
[Site "?"]
[Date "2004.??.??"]
[Round "?"]
[White "Kratochvil, Jan"]
[Black "Urban, Milos"]
[Result "1-0"]
[WhiteElo "1800"]
[BlackElo "1800"]
[PlyCount "63"]
[EventDate "2004.??.??"]
[EventType "corr"]
[EventRounds "2"]
[SourceDate "2005.03.12"]

1. e4 c5 2. Nf3 d6 3. d4 cxd4 4. Nxd4 Nf6 5. Nc3 a6 6. Be2 e5 7. Nf3 h6 8. O-O
Be6 9. Be3 Be7 10. Qd2 Nbd7 11. Rad1 Qc7 12. Ne1 Bc4 13. Bxc4 Qxc4 14. f3 Bd8
15. Qxd6 Be7 16. Qd2 Rd8 17. b3 Qc6 18. Nd5 Nxd5 19. exd5 Qd6 20. c4 g5 21. Qc2
O-O 22. Qf5 Rfe8 23. Nd3 Qf6 24. Qe4 Bd6 25. c5 Bf8 26. c6 bxc6 27. dxc6 Nc5
28. Nxc5 Bxc5 29. Bxc5 Rc8 30. Rd6 Qg7 31. Qc4 Ra8 32. c7 1-0

[Event "MCRE_O20"]
[Site "?"]
[Date "2004.??.??"]
[Round "?"]
[White "Kratochvil, Jan"]
[Black "Chlubna, Josef"]
[Result "1-0"]
[WhiteElo "1800"]
[BlackElo "1800"]
[PlyCount "61"]
[EventDate "2004.??.??"]
[EventType "corr"]
[EventRounds "2"]
[SourceDate "2005.03.12"]

1. e4 e5 2. Nf3 Nc6 3. Bb5 a6 4. Ba4 Nf6 5. O-O Be7 6. Re1 b5 7. Bb3 O-O 8. d4
d6 9. c3 Bb7 10. Nbd2 Re8 11. a3 h6 12. Bc2 Qd7 13. b3 Nd8 14. dxe5 dxe5 15.
Nxe5 Qe6 16. Nd3 Bxe4 17. Nxe4 Nxe4 18. Nf4 Nxc3 19. Nxe6 Nxd1 20. Nxc7 Ne6 21.
Nxe8 Rxe8 22. Bxd1 Kf8 23. Bb2 Nc5 24. Bc2 Rd8 25. Bxg7+ Kxg7 26. Rxe7 Ne6 27.
Ra7 Nd4 28. Bd1 Re8 29. Bh5 Rf8 30. b4 Nc2 31. Rc1 1-0

[Event "MCRE_O20"]
[Site "?"]
[Date "2004.??.??"]
[Round "?"]
[White "Fric, Pavel"]
[Black "Stika, Vaclav"]
[Result "1-0"]
[WhiteElo "1800"]
[BlackElo "1831"]
[PlyCount "91"]
[EventDate "2004.??.??"]
[EventType "corr"]
[EventRounds "2"]
[SourceDate "2005.03.12"]

1. e4 e5 2. Nf3 Nc6 3. Bb5 a6 4. Ba4 Nf6 5. O-O Nxe4 6. d4 exd4 7. Re1 d5 8.
Nxd4 Bd6 9. Nxc6 Bxh2+ 10. Kf1 Qh4 11. Be3 O-O 12. Nd4 Bg4 13. Nf3 Qh5 14. c3
Bf4 15. Kg1 Bxf3 16. Qxf3 Qh2+ 17. Kf1 Bxe3 18. fxe3 f5 19. Bb3 c6 20. Qh3 Qe5
21. Ke2 f4 22. Nd2 fxe3 23. Nxe4 Qxe4 24. Rf1 a5 25. a4 Rae8 26. Rf3 h6 27. Qg3
Rxf3 28. gxf3 Qf5 29. Rg1 Re7 30. Qg4 Qf6 31. Bc2 g5 32. f4 Rf7 33. Rf1 b5 34.
axb5 cxb5 35. Qg2 Kh8 36. fxg5 Qxf1+ 37. Qxf1 Rxf1 38. Kxf1 hxg5 39. Ke2 Kg7
40. Kxe3 Kf6 41. Kd4 g4 42. Kxd5 g3 43. Be4 b4 44. cxb4 axb4 45. Kc4 Ke5 46.
Bg2 1-0

[Event "MCRE_O20"]
[Site "?"]
[Date "2004.??.??"]
[Round "?"]
[White "Fric, Pavel"]
[Black "Kratochvil, Jan"]
[Result "1-0"]
[WhiteElo "1800"]
[BlackElo "1800"]
[PlyCount "105"]
[EventDate "2004.??.??"]
[EventType "corr"]
[EventRounds "2"]
[SourceDate "2005.03.12"]

1. e4 e5 2. Nf3 Nc6 3. Bb5 a6 4. Ba4 Nf6 5. O-O Be7 6. Re1 b5 7. Bb3 d6 8. c3
O-O 9. h3 Na5 10. Bc2 c5 11. d4 Qc7 12. Nbd2 cxd4 13. cxd4 Be6 14. Nf1 Rac8 15.
Bd3 exd4 16. Nxd4 Nc6 17. Nxc6 Qxc6 18. Bf4 d5 19. e5 Ne4 20. Ng3 Nxg3 21. Bxg3
Bb4 22. Re2 Qb6 23. Rc2 Rxc2 24. Bxc2 f5 25. exf6 Rxf6 26. Qd3 g6 27. Bb3 Bc5
28. Qd2 Rf5 29. Re1 a5 30. Re2 Bb4 31. Qc1 a4 32. Bc2 Rf7 33. b3 Bd7 34. Qd1
Qc6 35. bxa4 bxa4 36. Re5 Bd6 37. Rxd5 Bxg3 38. fxg3 a3 39. Rd6 Qc5+ 40. Kh2
Be8 41. Bb3 Kg7 42. Bxf7 Bxf7 43. Qa1+ Kg8 44. Rd8+ Be8 45. Rxe8+ Kf7 46. Qe5
Qxe5 47. Rxe5 Kf6 48. Re3 Kf5 49. Rxa3 Ke4 50. Rb3 Kd4 51. a4 h5 52. a5 g5 53.
a6 1-0

[Event "MCRE_O20"]
[Site "?"]
[Date "2004.??.??"]
[Round "?"]
[White "Fric, Pavel"]
[Black "Dojcinovic, Miroslav"]
[Result "1-0"]
[WhiteElo "1800"]
[BlackElo "1800"]
[PlyCount "69"]
[EventDate "2004.??.??"]
[EventType "corr"]
[EventRounds "2"]
[SourceDate "2005.03.12"]

1. e4 e5 2. Nf3 Nc6 3. Bb5 a6 4. Ba4 Nf6 5. O-O b5 6. Bb3 Be7 7. Re1 Bb7 8. d4
exd4 9. e5 Ng8 10. Nxd4 Na5 11. Nf5 g6 12. Nd6+ cxd6 13. exd6 Qb6 14. dxe7 Nxb3
15. axb3 Nxe7 16. Bf4 Qc6 17. f3 Qb6+ 18. Kh1 d5 19. Qe2 Qe6 20. Qd2 Qc6 21.
Qb4 O-O 22. Rxe7 Rfe8 23. Nc3 Rxe7 24. Qxe7 h5 25. Rd1 Qc8 26. Be5 d4 27. Qf6
Kf8 28. Rxd4 Qe8 29. Qg7+ Ke7 30. Ne4 Bxe4 31. Bf4 Qh8 32. Rxe4+ Kd7 33. Qxf7+
Kc6 34. Qc7+ Kd5 35. Qd6# 1-0

[Event "MCRE_O20"]
[Site "?"]
[Date "2004.??.??"]
[Round "?"]
[White "Fric, Pavel"]
[Black "Urban, Milos"]
[Result "1-0"]
[WhiteElo "1800"]
[BlackElo "1800"]
[PlyCount "63"]
[EventDate "2004.??.??"]
[EventType "corr"]
[EventRounds "2"]
[SourceDate "2005.03.12"]

1. e4 e5 2. Nf3 Nf6 3. d4 exd4 4. e5 Nd5 5. Qxd4 Nb6 6. Qe4 Nc6 7. Nc3 Bb4 8.
Bg5 Bxc3+ 9. bxc3 Ne7 10. Rd1 h6 11. Bh4 c6 12. Nd4 g5 13. Bg3 Nbd5 14. Bc4 Qa5
15. O-O h5 16. h4 Nxc3 17. Bxf7+ Kxf7 18. Qf3+ Ke8 19. Nb3 Qb4 20. Rd4 Qa3 21.
Qxc3 Rg8 22. Qf3 g4 23. Qe4 Rg7 24. e6 d5 25. Qe5 Rg6 26. Qh8+ Rg8 27. Qxh5+
Kd8 28. Qf7 b6 29. c4 Bxe6 30. Qxe6 Rg6 31. Qf7 Kd7 32. cxd5 1-0

[Event "MCRE_O20"]
[Site "?"]
[Date "2004.??.??"]
[Round "?"]
[White "Fric, Pavel"]
[Black "Chlubna, Josef"]
[Result "1-0"]
[WhiteElo "1800"]
[BlackElo "1800"]
[PlyCount "41"]
[EventDate "2004.??.??"]
[EventType "corr"]
[EventRounds "2"]
[SourceDate "2005.03.12"]

1. d4 d5 2. c4 e6 3. Nc3 Nf6 4. Nf3 Be7 5. Bf4 dxc4 6. e4 Nbd7 7. Bxc4 Bb4 8.
Qc2 b6 9. O-O Bxc3 10. bxc3 Bb7 11. Rfe1 O-O 12. Rad1 c6 13. e5 Ne8 14. Ng5 g6
15. Re3 h6 16. Nxe6 fxe6 17. Qxg6+ Ng7 18. Bxe6+ Rf7 19. Qxf7+ Kh8 20. Bxh6 Qf8
21. Bxg7+ 1-0

[Event "MCRE_O20"]
[Site "?"]
[Date "2004.??.??"]
[Round "?"]
[White "Dojcinovic, Miroslav"]
[Black "Stika, Vaclav"]
[Result "0-1"]
[WhiteElo "1800"]
[BlackElo "1831"]
[PlyCount "60"]
[EventDate "2004.??.??"]
[EventType "corr"]
[EventRounds "2"]
[SourceDate "2005.03.12"]

1. e4 e5 2. Nf3 Nc6 3. Bb5 a6 4. Ba4 Nf6 5. O-O Nxe4 6. d4 b5 7. Bb3 d5 8. dxe5
Be6 9. c3 Bc5 10. Nbd2 O-O 11. Nxe4 dxe4 12. Ng5 Bxb3 13. Qxb3 e3 14. Bxe3 Bxe3
15. Ne6 fxe6 16. Qxe6+ Kh8 17. Qxc6 Bb6 18. Rab1 Qd3 19. Rbe1 Rxf2 20. Rxf2
Bxf2+ 21. Kxf2 Rf8+ 22. Kg1 Qd2 23. h3 Qxe1+ 24. Kh2 Qxe5+ 25. Kg1 Qe1+ 26. Kh2
g6 27. Qxc7 Rf1 28. Qc8+ Kg7 29. Qd7+ Kh6 30. Qd8 Rh1# 0-1

[Event "MCRE_O20"]
[Site "?"]
[Date "2004.??.??"]
[Round "?"]
[White "Dojcinovic, Miroslav"]
[Black "Kratochvil, Jan"]
[Result "0-1"]
[WhiteElo "1800"]
[BlackElo "1800"]
[PlyCount "66"]
[EventDate "2004.??.??"]
[EventType "corr"]
[EventRounds "2"]
[SourceDate "2005.03.12"]

1. e4 c5 2. Nf3 Nc6 3. d4 cxd4 4. Nxd4 d5 5. Bb5 dxe4 6. O-O Bd7 7. Nxc6 bxc6
8. Bc4 Nf6 9. Bg5 Bf5 10. Qxd8+ Rxd8 11. Nc3 e6 12. Bxf6 gxf6 13. h3 Rg8 14.
Kh1 Rd2 15. g4 Bg6 16. Bb3 Bb4 17. Nd1 Bc5 18. Ba4 Kd7 19. Ne3 Kc7 20. Rad1
Rxd1 21. Rxd1 f5 22. Re1 f4 23. Nd1 f5 24. Bb3 Re8 25. Kg2 h5 26. g5 h4 27. Nc3
e5 28. a3 Rh8 29. Na4 Be7 30. Kh1 Rh5 31. Bc4 Rxg5 32. Be6 Bh5 33. Kh2 Bf3 0-1

[Event "MCRE_O20"]
[Site "?"]
[Date "2004.??.??"]
[Round "?"]
[White "Dojcinovic, Miroslav"]
[Black "Fric, Pavel"]
[Result "0-1"]
[WhiteElo "1800"]
[BlackElo "1800"]
[PlyCount "64"]
[EventDate "2004.??.??"]
[EventType "corr"]
[EventRounds "2"]
[SourceDate "2005.03.12"]

1. d4 Nf6 2. c4 e6 3. Nf3 d5 4. cxd5 exd5 5. Nc3 c6 6. Bg5 Be7 7. a3 Bf5 8. e3
Nbd7 9. Bd3 Bxd3 10. Qxd3 O-O 11. O-O Ne4 12. Bf4 g5 13. Bg3 f5 14. Ne2 Bf6 15.
Nd2 Qe7 16. Nxe4 fxe4 17. Qb3 Nb6 18. Rfc1 h5 19. h3 h4 20. Bh2 Qg7 21. Bd6 Rf7
22. Bc5 Nc4 23. Bb4 g4 24. hxg4 Qxg4 25. Nf4 Bxd4 26. Nxd5 cxd5 27. exd4 Rg7
28. g3 hxg3 29. fxg3 Rh7 30. Rf1 Qh3 31. Kf2 Rf8+ 32. Bxf8 Qh2+ 0-1

[Event "MCRE_O20"]
[Site "?"]
[Date "2004.??.??"]
[Round "?"]
[White "Dojcinovic, Miroslav"]
[Black "Urban, Milos"]
[Result "0-1"]
[WhiteElo "1800"]
[BlackElo "1800"]
[PlyCount "44"]
[EventDate "2004.??.??"]
[EventType "corr"]
[EventRounds "2"]
[SourceDate "2005.03.12"]

1. e4 c5 2. Nf3 d6 3. d4 cxd4 4. Nxd4 Nf6 5. Nc3 a6 6. f3 e5 7. Nde2 Be6 8. Bg5
Be7 9. Bxf6 Bxf6 10. Qd3 Qb6 11. O-O-O Be7 12. Nd5 Bxd5 13. Qxd5 O-O 14. Ng3 g6
15. Bc4 Qc6 16. Ne2 b5 17. Bb3 Qxd5 18. Bxd5 Ra7 19. Kb1 Nd7 20. h4 Nf6 21. g4
Nxd5 22. Rxd5 Rd7 0-1

[Event "MCRE_O20"]
[Site "?"]
[Date "2004.??.??"]
[Round "?"]
[White "Dojcinovic, Miroslav"]
[Black "Chlubna, Josef"]
[Result "0-1"]
[WhiteElo "1800"]
[BlackElo "1800"]
[PlyCount "44"]
[EventDate "2004.??.??"]
[EventType "corr"]
[EventRounds "2"]
[SourceDate "2005.03.12"]

1. e4 e5 2. Nf3 Nc6 3. Bb5 a6 4. Ba4 Nf6 5. d3 b5 6. Bb3 Be7 7. O-O h6 8. Re1
d6 9. Bd2 Bg4 10. c3 Qd7 11. h3 Bxf3 12. Qxf3 a5 13. Na3 Rb8 14. Qg3 Nh5 15.
Qh2 Bg5 16. Bxg5 hxg5 17. Bd1 Nf4 18. Bg4 Qe7 19. Qg3 b4 20. cxb4 axb4 21. Nc4
Nd4 22. Bd1 f6 0-1

[Event "MCRE_O20"]
[Site "?"]
[Date "2004.??.??"]
[Round "?"]
[White "Urban, Milos"]
[Black "Stika, Vaclav"]
[Result "0-1"]
[WhiteElo "1800"]
[BlackElo "1831"]
[PlyCount "72"]
[EventDate "2004.??.??"]
[EventType "corr"]
[EventRounds "2"]
[SourceDate "2005.03.12"]

1. e4 e5 2. Nf3 Nc6 3. Bb5 a6 4. Bxc6 dxc6 5. O-O Qf6 6. d4 exd4 7. Bg5 Qd6 8.
Qxd4 Qxd4 9. Nxd4 Bd7 10. Nd2 h6 11. Bf4 O-O-O 12. e5 Ne7 13. Rfe1 Nd5 14. Bg3
Nb4 15. a3 c5 16. axb4 cxd4 17. c3 Bc6 18. Kh1 dxc3 19. bxc3 Rxd2 20. Rad1 Rxd1
21. Rxd1 Be7 22. f4 Rd8 23. Rxd8+ Kxd8 24. h4 b6 25. Kg1 a5 26. bxa5 bxa5 27.
Be1 a4 28. c4 a3 29. Bc3 Bxh4 30. Kh2 Be7 31. g3 Bd7 32. Kg2 Be6 33. Kf2 Bxc4
34. Ke3 f5 35. Kd2 Bc5 36. Ke1 g5 0-1

[Event "MCRE_O20"]
[Site "?"]
[Date "2004.??.??"]
[Round "?"]
[White "Urban, Milos"]
[Black "Kratochvil, Jan"]
[Result "0-1"]
[WhiteElo "1800"]
[BlackElo "1800"]
[PlyCount "66"]
[EventDate "2004.??.??"]
[EventType "corr"]
[EventRounds "2"]
[SourceDate "2005.03.12"]

1. e4 e6 2. d4 d5 3. Nc3 dxe4 4. Nxe4 Nd7 5. Nf3 Ngf6 6. Nxf6+ Nxf6 7. Bd3 Bd6
8. Bg5 h6 9. Bxf6 Qxf6 10. O-O Bd7 11. Re1 Bc6 12. Be4 Bxe4 13. Rxe4 O-O-O 14.
c3 Kb8 15. a4 Qf5 16. Qe2 Rhe8 17. Nh4 Qd5 18. c4 Qa5 19. d5 Bc5 20. Nf3 Qb6
21. dxe6 fxe6 22. Ne5 Bd4 23. Rb1 a5 24. Nd3 Qb3 25. Nc1 Qxa4 26. b3 Qb4 27.
Rxe6 Bxf2+ 28. Kxf2 Qc5+ 29. Ke1 Rxe6 30. Qxe6 Qg1+ 31. Ke2 Qxg2+ 32. Ke1 Qd2+
33. Kf1 Rf8+ 0-1

[Event "MCRE_O20"]
[Site "?"]
[Date "2004.??.??"]
[Round "?"]
[White "Urban, Milos"]
[Black "Fric, Pavel"]
[Result "0-1"]
[WhiteElo "1800"]
[BlackElo "1800"]
[PlyCount "40"]
[EventDate "2004.??.??"]
[EventType "corr"]
[EventRounds "2"]
[SourceDate "2005.03.12"]

1. e4 c5 2. Nf3 d6 3. d4 cxd4 4. Nxd4 Nf6 5. Nc3 a6 6. Bg5 e6 7. f4 Qb6 8. Qd2
Qxb2 9. Nb3 Qa3 10. Bxf6 gxf6 11. Be2 h5 12. O-O Nd7 13. Kh1 h4 14. Rad1 h3 15.
g3 b6 16. Bf3 Bb7 17. Nb1 Qb2 18. Nc3 Rc8 19. e5 Rxc3 20. Bxb7 Rxc2 0-1

[Event "MCRE_O20"]
[Site "?"]
[Date "2004.??.??"]
[Round "?"]
[White "Urban, Milos"]
[Black "Dojcinovic, Miroslav"]
[Result "1-0"]
[WhiteElo "1800"]
[BlackElo "1800"]
[PlyCount "41"]
[EventDate "2004.??.??"]
[EventType "corr"]
[EventRounds "2"]
[SourceDate "2005.03.12"]

1. e4 e5 2. Nf3 Nc6 3. Bb5 a6 4. Bxc6 dxc6 5. O-O f6 6. d4 Bg4 7. c3 exd4 8.
cxd4 Qd7 9. h3 Bxf3 10. Qxf3 O-O-O 11. Be3 Ne7 12. Nc3 f5 13. Rad1 fxe4 14.
Nxe4 Nf5 15. Nc5 Qd5 16. Qxd5 cxd5 17. Ne6 Re8 18. Nxf8 Rhxf8 19. Rd3 Re4 20.
Rfd1 Rd8 21. Kf1 1-0

[Event "MCRE_O20"]
[Site "?"]
[Date "2004.??.??"]
[Round "?"]
[White "Urban, Milos"]
[Black "Chlubna, Josef"]
[Result "1-0"]
[WhiteElo "1800"]
[BlackElo "1800"]
[PlyCount "33"]
[EventDate "2004.??.??"]
[EventType "corr"]
[EventRounds "2"]
[SourceDate "2005.03.12"]

1. e4 e5 2. Nf3 Nc6 3. Bb5 a6 4. Bxc6 dxc6 5. O-O Nf6 6. Nxe5 Nxe4 7. Re1 Bf5
8. d3 Nf6 9. Nxc6+ Be7 10. Nxd8 Rxd8 11. Bg5 Kf8 12. Bxf6 Bxf6 13. Nc3 c6 14.
Qf3 g6 15. g4 Bxc3 16. bxc3 Be6 17. Qf6 1-0

[Event "MCRE_O20"]
[Site "?"]
[Date "2004.??.??"]
[Round "?"]
[White "Chlubna, Josef"]
[Black "Stika, Vaclav"]
[Result "0-1"]
[WhiteElo "1800"]
[BlackElo "1831"]
[PlyCount "48"]
[EventDate "2004.??.??"]
[EventType "corr"]
[EventRounds "2"]
[SourceDate "2005.03.12"]

1. d4 Nf6 2. c4 e6 3. Nc3 Bb4 4. Nf3 b6 5. e3 c5 6. Qc2 Bb7 7. a3 Ba5 8. dxc5
bxc5 9. Be2 Be4 10. Qb3 Nc6 11. Bd2 Rb8 12. Qa2 Qb6 13. Nxe4 Nxe4 14. Rb1 Ne5
15. b3 Nxf3+ 16. Bxf3 Bxd2+ 17. Qxd2 Nxd2 18. Kxd2 Qa5+ 19. Kc2 Qxa3 20. Rhd1
a5 21. Rd3 a4 22. h3 d5 23. g4 dxc4 24. b4 Qxd3+ 0-1

[Event "MCRE_O20"]
[Site "?"]
[Date "2004.??.??"]
[Round "?"]
[White "Chlubna, Josef"]
[Black "Kratochvil, Jan"]
[Result "0-1"]
[WhiteElo "1800"]
[BlackElo "1800"]
[PlyCount "56"]
[EventDate "2004.??.??"]
[EventType "corr"]
[EventRounds "2"]
[SourceDate "2005.03.12"]

1. d4 d5 2. c4 dxc4 3. Nf3 Nf6 4. Nc3 c6 5. e3 b5 6. h3 a6 7. Bd2 Nbd7 8. a4
Bb7 9. axb5 cxb5 10. b4 e6 11. Qb1 Qe7 12. Na2 Ne4 13. Qc2 Ndf6 14. Be2 Nxd2
15. Qxd2 a5 16. O-O axb4 17. Nxb4 Qxb4 18. Rxa8+ Bxa8 19. Qa2 Be4 20. Qa7 Bd6
21. Ng5 O-O 22. Bf3 Bd3 23. Ra1 h6 24. Nxf7 Rxf7 25. Qa6 Bb1 26. Qa5 Qb2 27. g3
c3 28. Qd8+ Bf8 0-1

[Event "MCRE_O20"]
[Site "?"]
[Date "2004.??.??"]
[Round "?"]
[White "Chlubna, Josef"]
[Black "Fric, Pavel"]
[Result "0-1"]
[WhiteElo "1800"]
[BlackElo "1800"]
[PlyCount "70"]
[EventDate "2004.??.??"]
[EventType "corr"]
[EventRounds "2"]
[SourceDate "2005.03.12"]

1. e4 c5 2. Nf3 Nc6 3. d4 cxd4 4. Nxd4 Nf6 5. Nc3 e5 6. Ndb5 d6 7. a4 a6 8. Na3
Be6 9. Bg5 Be7 10. Bxf6 Bxf6 11. h3 O-O 12. Bc4 Bg5 13. Bxe6 fxe6 14. O-O Qe7
15. Ne2 Rad8 16. c3 d5 17. Qc2 Bf4 18. Rad1 Qf7 19. g3 Bh6 20. Kg2 Qf3+ 21. Kh2
dxe4 22. Rxd8 Rxd8 23. Ng1 Qf5 24. Nb1 Na5 25. b3 Rd3 26. Kg2 Bg5 27. Rd1 h5
28. Na3 h4 29. g4 Qf8 30. Nc4 Nxc4 31. bxc4 Qd6 32. Re1 e3 33. Nf3 e4 34. Nxg5
Rd2 35. Qxe4 Rxf2+ 0-1

[Event "MCRE_O20"]
[Site "?"]
[Date "2004.??.??"]
[Round "?"]
[White "Chlubna, Josef"]
[Black "Dojcinovic, Miroslav"]
[Result "1-0"]
[WhiteElo "1800"]
[BlackElo "1800"]
[PlyCount "39"]
[EventDate "2004.??.??"]
[EventType "corr"]
[EventRounds "2"]
[SourceDate "2005.03.12"]

1. d4 d5 2. c4 Nf6 3. e3 e6 4. Nf3 Bb4+ 5. Bd2 Bxd2+ 6. Nbxd2 O-O 7. Bd3 c5 8.
dxc5 dxc4 9. Bxc4 Qa5 10. Rc1 Nc6 11. a3 Rd8 12. Qe2 Ne4 13. Bd3 Nxc5 14. O-O
Nxd3 15. Rc2 Qf5 16. Nc4 b5 17. Ncd2 Bb7 18. Nb3 Qd5 19. Rc3 a5 20. Rd1 1-0

[Event "MCRE_O20"]
[Site "?"]
[Date "2004.??.??"]
[Round "?"]
[White "Chlubna, Josef"]
[Black "Urban, Milos"]
[Result "0-1"]
[WhiteElo "1800"]
[BlackElo "1800"]
[PlyCount "46"]
[EventDate "2004.??.??"]
[EventType "corr"]
[EventRounds "2"]
[SourceDate "2005.03.12"]

1. d4 Nf6 2. c4 g6 3. Nc3 Bg7 4. Nf3 O-O 5. Bd2 d6 6. e3 Bg4 7. Be2 Nbd7 8. h3
Bxf3 9. Bxf3 c6 10. Qb3 Qc7 11. O-O a6 12. a4 e5 13. d5 Rab8 14. a5 Nc5 15. Qc2
Rfe8 16. b4 e4 17. Bxe4 Ncxe4 18. Ra3 Nxc3 19. Bxc3 cxd5 20. Bxf6 Bxf6 21. Rc3
Rbc8 22. Rc1 Bxc3 23. Qxc3 dxc4 0-1